Liedtext: Kaltfront - Eisbrecher - Statistiken

Allgemein
  • Dieses Quiz wurde 3 mal gespielt
  • Das Durchschnittsergebnis liegt bei 66 aus 219
Antwortstatistiken
Antwort % Korrekt
Das
100%
das
100%
der
100%
Der
100%
die
100%
es
100%
ist
100%
Nacht
100%
nicht
100%
und
100%
uns
100%
wie
100%
Wie
100%
Wir
100%
wir
100%
alle
50%
alles,
50%
Alles
50%
auf,
50%
den
50%
Doch
50%
doch
50%
durch
50%
ein
50%
Ein
50%
Frage
50%
für
50%
haben
50%
hab'n
50%
hier
50%
in
50%
In
50%
Kälte,
50%
Kaltfront
50%
kommen
50%
Meer
50%
sind
50%
stehen
50%
stellt.
50%
Tag,
50%
um
50%
von
50%
war
50%
war.
50%
was
50%
Welt
50%
Wenn
50%
Zu
50%
allein.
0%
am
0%
Am
0%
an
0%
Anfang
0%
aufgewacht.
0%
Augen
0%
aus
0%
ausgelieh'n,
0%
ausgezehrt,
0%
ausgezehrt.
0%
Blut
0%
dem
0%
Dunkelheit.
0%
Dunkle
0%
Eine
0%
einem
0%
einer
0%
eingesteh'n.
0%
Einsamkeit,
0%
Eissturm
0%
Ende
0%
erfror'n
0%
falschen
0%
folgen
0%
frei
0%
ganze
0%
gefriert,
0%
geglaubt,
0%
geschah
0%
geschrien.
0%
gesonnt.
0%
getraut.
0%
große
0%
Halb
0%
hartes
0%
herum
0%
Herz
0%
Herzen
0%
Himmel
0%
Horizont.
0%
Horizont
0%
im
0%
jeder
0%
Jetzt
0%
kaputtgeschlagen.
0%
Kein
0%
kommt.
0%
konnten
0%
lang
0%
lange
0%
langen
0%
längste
0%
Leben
0%
Leid,
0%
letzte
0%
Licht
0%
Licht,
0%
Los,
0%
Nichts
0%
nichts
0%
nur
0%
seh'n,
0%
sich
0%
so
0%
steht
0%
Stern
0%
stirbt
0%
stur
0%
tragen.
0%
Traum
0%
überfällt
0%
überm
0%
unsern
0%
vergebens
0%
viel
0%
Wahrheit
0%
Warnung,
0%
Weiß.
0%
weißem
0%
wert?
0%
Wind
0%
Wolken
0%
Zeit.
0%
Zeitenlauf.
0%
zerreißt.
0%
ziehen
0%
Keine übereinstimmenden Quizze gefunden
Verteilung der Resultate
Anzahl Personen mit jedem Resultat
Perzentil nach korrekt beantworteten Fragen
Ihre Resultats-Entwicklung
Sie haben dieses Quiz noch nicht gespielt